000 01109nam a2200265Ia 4500
003 OSt
005 20220923211601.0
006 a|||||r|||| 00| 0
007 ta
008 220922b |||||||| |||| 00| 0 san d
020 _a9789387195158 (hbk)
_c1395
024 _a348,310
037 _b2433, 30/01/2019, Kiran Book Service
_cTextual
040 _aARTS
_cARTS
_bsan
041 _2san
_asan
082 _aWx1,1:g(V2:2), 152Q7
100 _aपार्वती, टी. आर., ले.
_9160875
245 0 _aकौटिल्य अर्थशास्त्र का भारतीय संविधान में प्रतिबिम्ब
246 _aKauṭilya arthashāstra kā bhāratīya sanvidhān mean pratibimba
260 _aदिल्ली
_b शिवालिक प्रकाशन
_c2017
300 _a468पृ0
_ccm.
650 _aभारतीय राजनीति
_9156264
942 _hWx1,1:g(V2:2), 152Q7
_cTEXL
_2CC
999 _c301049
_d301049